000 00284nam a22001337a 4500
008 170808b xxu||||| |||| 00| 0 eng d
020 _a9788931434385
041 _aeng
080 _a004
100 _a35
101 _aSHKI
245 _aWINDOWS VISTA
_cDAVIS, G.H
942 _2udc
_cBK
999 _c22894
_d22894